[Event "Dortmund Sparkassen op-B"]
[Site "Dortmund"]
[Date "2015.06.30"]
[Round "4"]
[White "Iordanyan, Raphael"]
[Black "Homfeldt, Christopher"]
[Result "1-0"]
[WhiteElo "1558"]
[BlackElo "1416"]
[PlyCount "43"]
[EventDate "2015.06.27"]
[EventType "swiss"]
[EventRounds "9"]
[EventCountry "GER"]
[SourceTitle "CBM 167 Extra"]
[Source "ChessBase"]
[SourceDate "2015.09.14"]
[SourceVersion "1"]
[SourceVersionDate "2015.09.14"]
[SourceQuality "1"]

1. e4 e5 2. Nf3 Nc6 3. Bc4 Bc5 4. c3 Nf6 5. d4 exd4 6. cxd4 Bb4+ 7. Bd2 Bxd2+ 8. Nbxd2 d5 9. exd5 Nxd5 10. Nb3 0-0 11. 0-0 Be6 12. Qc2 Ndb4 13. Qc3 Bxc4 14. Qxc4 Nd5 15. Rac1 Nb6 16. Qc5 Qd7 17. Rfd1 Rad8 18. Rc2 Qg4 19. h3 Qe4 20. Re1 Qg6 21. Rce2 Rd5 22. Qxf8+ 1-0

[Event "Ruhrgebiet Verbandsliga Gruppe 1 1415"]
[Site "Germany"]
[Date "2014.09.21"]
[Round "1"]
[White "Iordanyan, Raphael"]
[Black "Schmitz, Edgar"]
[Result "0-1"]
[WhiteElo "1524"]
[BlackElo "1922"]
[PlyCount "118"]
[EventDate "2014.09.21"]
[EventType "team-tourn"]
[EventRounds "9"]
[EventCountry "GER"]
[SourceTitle "EXT 2022"]
[Source "ChessBase"]
[SourceDate "2021.10.06"]
[SourceVersion "1"]
[SourceVersionDate "2021.10.06"]
[SourceQuality "1"]
[WhiteTeam "Steele/Kray Rochade"]
[BlackTeam "Katernberg SF III"]
[WhiteTeamCountry "GER"]
[BlackTeamCountry "GER"]

1. e4 e5 2. Nf3 d6 3. d3 Nf6 4. b3 Be7 5. Bb2 0-0 6. Nbd2 Nc6 7. c3 d5 8. g3 Be6 9. Bg2 Qd7 10. 0-0 Rad8 11. Re1 dxe4 12. Nxe4 Qxd3 13. Qxd3 Rxd3 14. Nxf6+ gxf6 15. Rad1 Rfd8 16. Rxd3 Rxd3 17. Re2 Rd1+ 18. Re1 Rd7 19. Re2 Bc5 20. Rd2 Ne7 21. Rxd7 Bxd7 22. Nd2 Nc6 23. Nc4 b5 24. Na3 a6 25. Nc2 Ne7 26. Ba3 Bxa3 27. Nxa3 Bc6 28. c4 Bxg2 29. Kxg2 c6 30. g4 f5 31. h3 Kg7 32. Kf3 Kg6 33. Nc2 fxg4+ 34. hxg4 f5 35. Ne3 fxg4+ 36. Nxg4 Kf5 37. Ne3+ Ke6 38. Kg4 Kf6 39. a3 Kg6 40. f4 h5+ 41. Kf3 Nf5 42. cxb5 axb5 43. a4 Nd4+ 44. Ke4 Nxb3 45. axb5 Nc5+ 46. Kxe5 cxb5 47. Ng2 b4 48. Nh4+ Kf7 49. Kf5 b3 50. Nf3 b2 51. Nd2 Ne6 52. Nb1 Ng7+ 53. Kg5 Ke6 54. f5+ Nxf5 55. Kxh5 Ke5 56. Kg4 Ke4 57. Nd2+ Kd3 58. Nb1 Nd4 59. Kg3 Nb5 0-1

[Event "Dortmund Sparkassen op-B"]
[Site "Dortmund"]
[Date "2014.07.16"]
[Round "5"]
[White "Iordanyan, Raphael"]
[Black "Fimmers, Heinrich"]
[Result "1/2-1/2"]
[WhiteElo "1553"]
[BlackElo "1428"]
[PlyCount "50"]
[EventDate "2014.07.12"]
[EventType "swiss"]
[EventRounds "9"]
[EventCountry "GER"]
[SourceTitle "EXT 2022"]
[Source "ChessBase"]
[SourceDate "2021.10.06"]
[SourceVersion "1"]
[SourceVersionDate "2021.10.06"]
[SourceQuality "1"]

1. e4 c6 2. d4 d5 3. Nc3 dxe4 4. Nxe4 Bf5 5. Nc3 e6 6. Nf3 Nd7 7. Bd3 Bxd3 8. Qxd3 Ngf6 9. Bf4 Be7 10. 0-0 0-0 11. Rad1 Re8 12. Ne4 Nxe4 13. Qxe4 Nf8 14. c4 Qa5 15. a3 Rad8 16. Rd2 Ng6 17. Rfd1 Nxf4 18. Qxf4 Bd6 19. Qg4 Qc7 20. b4 Be7 21. Qh5 g6 22. Qe5 Bd6 23. Qe4 Bf8 24. Qe5 Bd6 25. Qe4 Bf8 1/2-1/2

[Event "Dortmund Sparkassen op-B"]
[Site "Dortmund"]
[Date "2013.08.04"]
[Round "9"]
[White "Iordanyan, Raphael"]
[Black "Huber, Helmut"]
[Result "1/2-1/2"]
[WhiteElo "1629"]
[BlackElo "1535"]
[PlyCount "89"]
[EventDate "2013.07.27"]
[EventType "swiss"]
[EventRounds "9"]
[EventCountry "GER"]
[SourceTitle "EXT 2022"]
[Source "ChessBase"]
[SourceDate "2021.10.06"]
[SourceVersion "1"]
[SourceVersionDate "2021.10.06"]
[SourceQuality "1"]

1. e4 e6 2. d4 d5 3. exd5 exd5 4. Nf3 Nf6 5. Bf4 Bd6 6. Bg3 0-0 7. Be2 Re8 8. Nc3 Bg4 9. Qd3 c6 10. Bh4 Nbd7 11. h3 Bxf3 12. Qxf3 Qb6 13. Qd3 Qxb2 14. Rb1 Qa3 15. Rb3 Qa5 16. 0-0 Qc7 17. Rfb1 b5 18. Bf3 Re6 19. Ne2 Rae8 20. Rc3 Ne4 21. Rcb3 Rh6 22. Bg3 Bxg3 23. Nxg3 Nxg3 24. fxg3 Qxg3 25. Bg4 Qxd3 26. Rxd3 Nf6 27. Bf3 Ne4 28. Re1 f5 29. a4 a6 30. axb5 axb5 31. Ra3 Rhe6 32. Ra6 Ng5 33. Rxe6 Nxf3+ 34. Kf2 Rxe6 35. Kxf3 Kf7 36. h4 Kf6 37. g3 h6 38. c3 g5 39. Ra7 Kg6 40. Ra8 Kh5 41. hxg5 hxg5 42. Rh8+ Rh6 43. Rf8 Kg6 44. Rg8+ Kh5 45. Rf8 1/2-1/2